| 000 | 00411cam a2200169ua 4500 | ||
|---|---|---|---|
| 020 | _c9.00 | ||
| 041 |
_ahin _h |
||
| 082 |
_a891.54 _bSHA/PR |
||
| 100 | _aShachirani, Gundu . | ||
| 245 | 0 | 0 |
_aPremchand aur Gorki / _cShachirani Gundu. _hTextual Documents |
| 260 |
_aDelhi : _bRajkamal Prakashan , _c1955. |
||
| 300 | _a585 ; . | ||
| 365 | _a9.00 | ||
| 504 | _a | ||
| 942 | _cBK | ||
| 999 |
_c12483 _d12483 |
||